[Event "Hessen-ch Seniors op 07th"]
[Site "Bad Sooden-Allendorf"]
[Date "2011.05.08"]
[Round "9"]
[White "Thormann, Werner"]
[Black "Perk, Egbert"]
[Result "1-0"]
[WhiteElo "1661"]
[BlackElo "1750"]
[PlyCount "101"]
[EventDate "2011.04.30"]
[EventType "swiss"]
[EventRounds "9"]
[EventCountry "GER"]
[SourceTitle "EXT 2012"]
[Source "ChessBase"]
[SourceDate "2011.11.24"]
[SourceVersion "1"]
[SourceVersionDate "2011.11.24"]
[SourceQuality "1"]

1. d4 Nf6 2. Nc3 d5 3. Bg5 Nbd7 4. f3 e6 5. a3 Be7 6. Qd2 c6 7. e4 h6 8. Be3 dxe4 9. fxe4 Ng4 10. Bf4 e5 11. dxe5 Ngxe5 12. 0-0-0 Bg5 13. Nf3 Nxf3 14. gxf3 Qf6 15. Bxg5 hxg5 16. Be2 Qf4 17. Qxf4 gxf4 18. Rdg1 Ne5 19. Rxg7 Be6 20. Rg5 f6 21. Rg7 0-0-0 22. b3 Rh3 23. Rg2 Rdh8 24. Rf2 b5 25. Nb1 a6 26. Nd2 c5 27. c4 bxc4 28. Nxc4 Nc6 29. Nb6+ Kb7 30. Nd5 Bxd5 31. exd5 Nd4 32. Bd1 Kb6 33. Kb2 a5 34. a4 Kc7 35. Kc3 Kd6 36. Kc4 Rb8 37. Rg1 Rb4+ 38. Kc3 Kxd5 39. Rg6 Ke5 40. Rg7 Rh5 41. Ra7 Nc6 42. Ra6 Kd6 43. Bc2 f5 44. Ra8 Rd4 45. Rf8 Rd5 46. Rg2 Re5 47. Rf6+ Kd7 48. Rd2+ Nd4 49. Ra6 Re3+ 50. Kc4 Rxh2 51. Rxh2 1-0

[Event "Hessen-ch Seniors op 07th"]
[Site "Bad Sooden-Allendorf"]
[Date "2011.05.07"]
[Round "8"]
[White "Schneidereit, Manfred"]
[Black "Thormann, Werner"]
[Result "0-1"]
[WhiteElo "1537"]
[BlackElo "1661"]
[PlyCount "110"]
[EventDate "2011.04.30"]
[EventType "swiss"]
[EventRounds "9"]
[EventCountry "GER"]
[SourceTitle "EXT 2012"]
[Source "ChessBase"]
[SourceDate "2011.11.24"]
[SourceVersion "1"]
[SourceVersionDate "2011.11.24"]
[SourceQuality "1"]

1. c4 Nf6 2. Nc3 g6 3. e3 Bg7 4. g3 0-0 5. Bg2 e5 6. Nge2 d6 7. 0-0 c6 8. d4 Nbd7 9. b3 Qe7 10. Ba3 Ne8 11. Ne4 f5 12. N4c3 e4 13. Qc2 Ndf6 14. Rad1 Bd7 15. Nf4 Rb8 16. d5 c5 17. Bb2 Nc7 18. Rd2 Rfd8 19. h3 a6 20. a4 b5 21. axb5 axb5 22. Ra1 bxc4 23. bxc4 Rb4 24. Bf1 g5 25. Ng2 Rdb8 26. Qc1 Bc8 27. Ra7 Bb7 28. Ba3 Rb6 29. Rb2 Ba6 30. Nb5 Bxb5 31. cxb5 Nfxd5 32. Rd2 Qe6 33. Bc4 R8b7 34. Ra8+ Kf7 35. Bxd5 Nxd5 36. Qc4 Nc7 37. Qxe6+ Kxe6 38. Ra4 Rxb5 39. Rc4 Rb1+ 40. Kh2 Ra1 41. Bc1 Rbb1 42. Rdc2 Nb5 43. g4 Be5+ 44. f4 exf3+ 45. Nf4+ gxf4 46. exf4 Bd4 47. Kg3 f2 48. Kg2 Na3 49. Re2+ Kd5 50. Rxd4+ Kxd4 51. Kxf2 Rxc1 52. gxf5 Rf1+ 53. Kg3 Rg1+ 54. Kh4 Raf1 55. f6 Rxf4+ 0-1

[Event "Hessen-ch Seniors op 07th"]
[Site "Bad Sooden-Allendorf"]
[Date "2011.05.02"]
[Round "3"]
[White "Thormann, Werner"]
[Black "Schlachetka, Werner"]
[Result "0-1"]
[WhiteElo "1661"]
[BlackElo "1901"]
[PlyCount "76"]
[EventDate "2011.04.30"]
[EventType "swiss"]
[EventRounds "9"]
[EventCountry "GER"]
[SourceTitle "EXT 2012"]
[Source "ChessBase"]
[SourceDate "2011.11.24"]
[SourceVersion "1"]
[SourceVersionDate "2011.11.24"]
[SourceQuality "1"]

1. d4 Nf6 2. Nc3 b6 3. e4 Bb7 4. f3 d6 5. Bc4 Nbd7 6. Bg5 h6 7. Bh4 e6 8. Qd2 Nxe4 9. Bxd8 Nxd2 10. Kxd2 Kxd8 11. Nge2 d5 12. Bb3 c5 13. a4 a6 14. Rhf1 cxd4 15. Nxd4 Bc5 16. Nce2 Bxd4 17. Nxd4 Nc5 18. Ba2 Kc7 19. b3 e5 20. Nf5 g6 21. Ne3 Rad8 22. Bb1 f5 23. b4 Ne6 24. Ba2 b5 25. a5 Rhe8 26. g4 d4 27. Nd1 Bd5 28. h3 Nf4 29. Bxd5 Nxd5 30. Rb1 Kd6 31. c3 Rc8 32. cxd4 exd4 33. Nf2 Nf4 34. Rfe1 Rxe1 35. Rxe1 Rc3 36. gxf5 gxf5 37. Rg1 Rxf3 38. Ke1 Rxf2 0-1

[Event "Hessen-ch Seniors op 07th"]
[Site "Bad Sooden-Allendorf"]
[Date "2011.05.01"]
[Round "2"]
[White "Thormann, Werner"]
[Black "Fister, Horst Lothar"]
[Result "1-0"]
[WhiteElo "1661"]
[BlackElo "1312"]
[PlyCount "47"]
[EventDate "2011.04.30"]
[EventType "swiss"]
[EventRounds "9"]
[EventCountry "GER"]
[SourceTitle "EXT 2012"]
[Source "ChessBase"]
[SourceDate "2011.11.24"]
[SourceVersion "1"]
[SourceVersionDate "2011.11.24"]
[SourceQuality "1"]

1. d4 e5 2. d5 Bc5 3. e4 d6 4. Nf3 Nf6 5. Bg5 h6 6. Bxf6 Qxf6 7. Be2 Nd7 8. 0-0 0-0 9. Nbd2 a6 10. c3 Qd8 11. b4 Ba7 12. Qc2 Nf6 13. a4 Bd7 14. Nb3 b5 15. axb5 Bxb5 16. c4 Bd7 17. c5 Bb5 18. Bxb5 axb5 19. Na5 Qc8 20. Nc6 Qb7 21. Ra5 Bb8 22. Ne7+ Kh7 23. c6 Qb6 24. Rxa8 1-0

[Event "Hessen-ch Seniors op 01st"]
[Site "Bad Sooden-Allendorf"]
[Date "2005.04.28"]
[Round "7"]
[White "Papenkordt, Karl Hermann"]
[Black "Thormann, Werner"]
[Result "1/2-1/2"]
[WhiteElo "1682"]
[BlackElo "1720"]
[PlyCount "89"]
[EventDate "2005.04.22"]
[EventType "swiss"]
[EventRounds "9"]
[EventCountry "GER"]
[SourceTitle "EXT 2007"]
[Source "ChessBase"]
[SourceDate "2006.11.23"]
[SourceVersion "1"]
[SourceVersionDate "2006.11.23"]
[SourceQuality "1"]

1. c4 Nf6 2. Nc3 c5 3. Nf3 g6 4. g3 Nc6 5. Bg2 d6 6. 0-0 Bg7 7. d3 0-0 8. a3 Rb8 9. Rb1 a5 10. Bd2 Bd7 11. e4 Nd4 12. Nxd4 cxd4 13. Ne2 b5 14. b3 Ng4 15. f4 Ne3 16. Bxe3 dxe3 17. Kh1 b4 18. a4 Qb6 19. d4 Bg4 20. Bf3 Bxf3+ 21. Rxf3 e5 22. fxe5 dxe5 23. d5 f5 24. exf5 gxf5 25. Qf1 Qg6 26. Rxe3 f4 27. gxf4 exf4 28. Re6 Qf5 29. Rc1 Kh8 30. Qf3 Rbd8 31. Re4 Be5 32. Rf1 Rf6 33. Nd4 Bxd4 34. Rxd4 Rdf8 35. c5 Qe5 36. Qe4 Qxe4+ 37. Rxe4 f3 38. Rf2 Rf5 39. Rd4 Rd8 40. c6 Rdxd5 41. c7 Rxd4 42. c8Q+ Kg7 43. Qb7+ Rf7 44. Qxf7+ Kxf7 45. Rxf3+ 1/2-1/2

[Event "Hessen-ch Seniors op 01st"]
[Site "Bad Sooden-Allendorf"]
[Date "2005.04.27"]
[Round "6"]
[White "Thormann, Werner"]
[Black "Klose, Hans Peter"]
[Result "1-0"]
[WhiteElo "1720"]
[BlackElo "1487"]
[PlyCount "81"]
[EventDate "2005.04.22"]
[EventType "swiss"]
[EventRounds "9"]
[EventCountry "GER"]
[SourceTitle "EXT 2007"]
[Source "ChessBase"]
[SourceDate "2006.11.23"]
[SourceVersion "1"]
[SourceVersionDate "2006.11.23"]
[SourceQuality "1"]

1. Nf3 Nf6 2. c4 g6 3. d4 d6 4. Nc3 Bg7 5. e4 0-0 6. Be2 Nc6 7. h3 e5 8. dxe5 dxe5 9. Qxd8 Rxd8 10. Bg5 h6 11. Bxf6 Bxf6 12. Nd5 Be7 13. Nxe7+ Nxe7 14. Nxe5 Be6 15. b3 Rd4 16. f3 f6 17. Ng4 Kg7 18. Ne3 Rad8 19. Rd1 Nc6 20. Nd5 Rxd1+ 21. Bxd1 Rd7 22. Kf2 Ne5 23. Ke3 g5 24. Bc2 c6 25. Nc3 Ng6 26. Ne2 Ne5 27. Nd4 Re7 28. Rd1 Kf7 29. Rd2 Rd7 30. Nxe6 Rxd2 31. Nxg5+ hxg5 32. Kxd2 Ng6 33. g3 Ke6 34. c5 Ke5 35. Ke3 Ke6 36. Bd3 Ne5 37. Be2 Nd7 38. b4 b6 39. f4 gxf4+ 40. gxf4 bxc5 41. Bg4+ 1-0

[Event "Hessen-ch Seniors op 01st"]
[Site "Bad Sooden-Allendorf"]
[Date "2005.04.26"]
[Round "5"]
[White "Piastowski, Kurt"]
[Black "Thormann, Werner"]
[Result "1-0"]
[WhiteElo "1794"]
[BlackElo "1720"]
[PlyCount "81"]
[EventDate "2005.04.22"]
[EventType "swiss"]
[EventRounds "9"]
[EventCountry "GER"]
[SourceTitle "EXT 2007"]
[Source "ChessBase"]
[SourceDate "2006.11.23"]
[SourceVersion "1"]
[SourceVersionDate "2006.11.23"]
[SourceQuality "1"]

1. d4 Nf6 2. Nf3 g6 3. c4 d6 4. Nc3 Bg7 5. e4 c5 6. d5 0-0 7. Bd3 Na6 8. a3 Nc7 9. Rb1 e6 10. 0-0 Ng4 11. Bg5 Qe8 12. Qd2 h6 13. Bf4 e5 14. Bg3 a6 15. h3 Nf6 16. b4 b6 17. bxc5 bxc5 18. Bc2 Bd7 19. Rb7 Qc8 20. Rfb1 Nb5 21. Rxd7 Nxc3 22. Rxd6 Nxb1 23. Qa5 Rb8 24. Bxe5 Nd7 25. Rc6 Nxe5 26. Rxc8 Nxf3+ 27. gxf3 Rfxc8 28. Qxa6 Ra8 29. Qb7 Nxa3 30. Bd3 Rab8 31. Qa6 Nb1 32. Kg2 Nc3 33. f4 Bd4 34. e5 Re8 35. Bxg6 Bxe5 36. fxe5 Rxe5 37. Bxf7+ Kxf7 38. Qa7+ Kf6 39. Qxb8 Rg5+ 40. Kf1 Ne4 41. Qf4+ 1-0

[Event "Hessen-ch Seniors op 01st"]
[Site "Bad Sooden-Allendorf"]
[Date "2005.04.25"]
[Round "4"]
[White "Thormann, Werner"]
[Black "Kuehn, Peter1"]
[Result "0-1"]
[WhiteElo "1720"]
[BlackElo "1861"]
[PlyCount "61"]
[EventDate "2005.04.22"]
[EventType "swiss"]
[EventRounds "9"]
[EventCountry "GER"]
[SourceTitle "EXT 2007"]
[Source "ChessBase"]
[SourceDate "2006.11.23"]
[SourceVersion "1"]
[SourceVersionDate "2006.11.23"]
[SourceQuality "1"]

1. Nf3 c5 2. c4 Nc6 3. Nc3 g6 4. g3 Bg7 5. Bg2 e6 6. 0-0 d6 7. a3 Nge7 8. e3 0-0 9. Rb1 d5 10. cxd5 exd5 11. d4 Bf5 12. Ra1 c4 13. b4 Bd3 14. Re1 Rc8 15. Nd2 Qd7 16. Qa4 a6 17. b5 Na7 18. bxa6 Qxa4 19. Nxa4 bxa6 20. Nb6 Rcd8 21. a4 Nac6 22. Ba3 Rfe8 23. Nb1 Nxd4 24. Bxe7 Rxe7 25. Nxd5 Rxd5 26. Na3 Rde5 27. Ra2 Nb3 28. Nc2 a5 29. Bc6 Rc5 30. Bb5 Bxc2 31. Rxc2 0-1

[Event "Hessen-ch Seniors op 01st"]
[Site "Bad Sooden-Allendorf"]
[Date "2005.04.23"]
[Round "2"]
[White "Thormann, Werner"]
[Black "Auerswald, Gottfried"]
[Result "1-0"]
[WhiteElo "1720"]
[BlackElo "1490"]
[PlyCount "85"]
[EventDate "2005.04.22"]
[EventType "swiss"]
[EventRounds "9"]
[EventCountry "GER"]
[SourceTitle "EXT 2007"]
[Source "ChessBase"]
[SourceDate "2006.11.23"]
[SourceVersion "1"]
[SourceVersionDate "2006.11.23"]
[SourceQuality "1"]

1. Nf3 Nf6 2. c4 c5 3. Nc3 Nc6 4. d4 cxd4 5. Nxd4 d6 6. e4 g6 7. Be2 Bg7 8. Be3 0-0 9. f3 Bd7 10. Qd2 Nxd4 11. Bxd4 Bc6 12. Be3 Re8 13. Rd1 Qc7 14. g4 b6 15. h4 h5 16. gxh5 Nxh5 17. Rg1 Be5 18. f4 Bxc3 19. Qxc3 Nf6 20. h5 Bxe4 21. hxg6 fxg6 22. Bd3 Kf7 23. Bxe4 Nxe4 24. Qd4 Nf6 25. Qd3 Rg8 26. Bd4 Rae8 27. Rd2 Qd7 28. Rg5 Rg7 29. Rdg2 Qe6+ 30. Re2 Qd7 31. f5 gxf5 32. Rxf5 Rg6 33. Qh3 Qc8 34. b3 Reg8 35. Qh5 Qd8 36. Rf3 Kf8 37. Qf5 Kg7 38. Qe6 Kf8 39. Rh2 Qe8 40. Rh7 R6g7 41. Bxf6 Rxh7 42. Bxe7+ Kg7 43. Qf6# 1-0

[Event "Brandenburg-ch Seniors 12th"]
[Site "Lindow/Mark"]
[Date "2004.09.24"]
[Round "8"]
[White "Thormann, Werner"]
[Black "Kude, Klaus Peter"]
[Result "0-1"]
[WhiteElo "1789"]
[BlackElo "1760"]
[PlyCount "120"]
[EventDate "2004.09.18"]
[EventType "swiss"]
[EventRounds "9"]
[EventCountry "GER"]
[SourceTitle "EXT 2006"]
[Source "ChessBase"]
[SourceDate "2005.11.24"]
[SourceVersion "1"]
[SourceVersionDate "2005.11.24"]
[SourceQuality "1"]

1. d4 d5 2. Nc3 Nf6 3. Bg5 e6 4. f3 Be7 5. Qd2 h6 6. Bh4 c6 7. e4 b6 8. Bf2 Ba6 9. Nge2 dxe4 10. fxe4 Nbd7 11. 0-0-0 0-0 12. h3 Bb4 13. Qe3 Qe8 14. g4 Nh7 15. e5 f6 16. a3 Bxc3 17. Nxc3 Bxf1 18. Rhxf1 f5 19. gxf5 Rxf5 20. Rg1 Qh5 21. Rg3 Raf8 22. Rdg1 R8f7 23. Ne4 Rf3 24. Nf6+ R7xf6 25. exf6 Rxe3 26. Rxg7+ Kf8 27. Rg8+ Kf7 28. R1g7+ Kxf6 29. Bxe3 Nhf8 30. Rg3 Qh4 31. Kb1 Ke7 32. Bf2 Qf6 33. Be3 Kd6 34. Bd2 c5 35. dxc5+ Nxc5 36. R8g7 Ne4 37. Bb4+ Nc5 38. Rxa7 Nfd7 39. Ra8 Qf1+ 40. Ka2 Qf7 41. Rg1 Kc6 42. Ra7 Qf5 43. Kb1 Qxh3 44. Ra8 Qf5 45. Rag8 Ne5 46. Bd2 Nf3 47. Rd1 Nxd2+ 48. Rxd2 Ne4 49. Rd3 h5 50. Rc8+ Kb7 51. Rdd8 Qe5 52. Rh8 Nf6 53. Rcf8 h4 54. Ka2 Qg5 55. Rf7+ Kc6 56. Rhf8 Nd5 57. Rc8+ Kd6 58. Rc4 h3 59. Rh7 Nf4 60. Rc8 Qg2 0-1

[Event "Brandenburg-ch Seniors 12th"]
[Site "Lindow/Mark"]
[Date "2004.09.21"]
[Round "5"]
[White "Petersohn, Horst"]
[Black "Thormann, Werner"]
[Result "1-0"]
[WhiteElo "1668"]
[BlackElo "1789"]
[PlyCount "117"]
[EventDate "2004.09.18"]
[EventType "swiss"]
[EventRounds "9"]
[EventCountry "GER"]
[SourceTitle "EXT 2006"]
[Source "ChessBase"]
[SourceDate "2005.11.24"]
[SourceVersion "1"]
[SourceVersionDate "2005.11.24"]
[SourceQuality "1"]

1. d4 d5 2. Nf3 Nf6 3. c4 e6 4. Bg5 Nbd7 5. Nc3 c6 6. e3 Qa5 7. Bxf6 Nxf6 8. c5 Be7 9. a3 0-0 10. b4 Qc7 11. Bd3 Nd7 12. Qc2 h6 13. 0-0 e5 14. e4 dxe4 15. Nxe4 exd4 16. Nxd4 Ne5 17. Be2 Ng4 18. Nf3 Be6 19. h3 Nf6 20. Ng3 a5 21. Rad1 axb4 22. axb4 Nd5 23. Rb1 Bf6 24. Ne4 Be7 25. Nd4 Bd7 26. Bc4 Qe5 27. Rfd1 Ra3 28. Rd3 Rfa8 29. Ng3 Nf4 30. Nf3 Qc7 31. Rxa3 Rxa3 32. Qe4 Bf6 33. Rd1 Be6 34. Bxe6 Nxe6 35. Nh5 Be7 36. Ne5 Bf6 37. Nxf6+ gxf6 38. Nd7 Qf4 39. Qxf4 Nxf4 40. Nxf6+ Kg7 41. Ne8+ Kg6 42. Nd6 Rb3 43. Nxb7 Rxb4 44. Nd8 Rd4 45. Rxd4 Ne2+ 46. Kh2 Nxd4 47. Kg3 Kf6 48. Kf4 Ke7 49. Ke4 Kxd8 50. Kxd4 Ke7 51. Ke5 f6+ 52. Kf5 Kf7 53. g4 Ke7 54. h4 Kf7 55. f4 Ke7 56. g5 fxg5 57. fxg5 hxg5 58. hxg5 Kf7 59. Ke5 1-0

[Event "Brandenburg-ch Seniors 11th"]
[Site "Lindow"]
[Date "2003.09.21"]
[Round "2"]
[White "Thormann, Werner"]
[Black "Garms, Ilse"]
[Result "1-0"]
[WhiteElo "1860"]
[BlackElo "1538"]
[PlyCount "91"]
[EventDate "2003.09.??"]
[EventType "swiss"]
[EventRounds "7"]
[EventCountry "GER"]
[SourceTitle "EXT 2006"]
[Source "ChessBase"]
[SourceDate "2005.11.24"]
[SourceVersion "1"]
[SourceVersionDate "2005.11.24"]
[SourceQuality "1"]

1. Nf3 d5 2. c4 e6 3. b3 Nf6 4. Bb2 Be7 5. g3 c5 6. Bg2 b6 7. 0-0 Bb7 8. d3 0-0 9. Nbd2 Na6 10. Ne5 Nc7 11. a3 Nfe8 12. f4 f6 13. Nef3 Nd6 14. Qe1 Qe8 15. e4 Rd8 16. e5 Nc8 17. Rc1 Ba6 18. Rf2 dxc4 19. dxc4 Bb7 20. Ne4 Bxe4 21. Qxe4 Rd7 22. Rd2 Rxd2 23. Nxd2 fxe5 24. Bxe5 Bd6 25. Rd1 Bxe5 26. Qxe5 Qd7 27. Bf3 Qd4+ 28. Qxd4 cxd4 29. Bg4 Rd8 30. Nf3 d3 31. Ne5 d2 32. Nf3 b5 33. cxb5 Rd3 34. Rxd2 Rxd2 35. Nxd2 Kf7 36. a4 Nd5 37. Kf2 Nd6 38. Bf3 Nc7 39. Nc4 Ke7 40. Ne5 Nc8 41. Ke3 Kd6 42. Kd4 Ne7 43. Nc4+ Kd7 44. Kc5 Ncd5 45. Ne5+ Kd8 46. Bxd5 1-0

[Event "Brandenburg Seniors op 10th"]
[Site "Uckley"]
[Date "2001.09.25"]
[Round "3"]
[White "Thormann, Werner"]
[Black "Kotzem, Ernst"]
[Result "1/2-1/2"]
[WhiteElo "1875"]
[BlackElo "1911"]
[PlyCount "55"]
[EventDate "2001.09.??"]
[EventType "swiss"]
[EventRounds "7"]
[EventCountry "GER"]
[SourceTitle "EXT 2006"]
[Source "ChessBase"]
[SourceDate "2005.11.24"]
[SourceVersion "1"]
[SourceVersionDate "2005.11.24"]
[SourceQuality "1"]

1. Nf3 Nf6 2. c4 g6 3. Nc3 Bg7 4. d4 0-0 5. e4 d6 6. Be2 e5 7. dxe5 dxe5 8. Qxd8 Rxd8 9. Bg5 Re8 10. Nd5 Nxd5 11. cxd5 h6 12. Bh4 g5 13. Bg3 a6 14. Rc1 c6 15. Bc4 b5 16. Bb3 cxd5 17. Bxd5 Ra7 18. Nxe5 Be6 19. Bxe6 Rxe6 20. Rc8+ Kh7 21. Rxb8 Bxe5 22. Bxe5 Rxe5 23. f3 f5 24. 0-0 fxe4 25. fxe4 Rxe4 26. Rbf8 Kg7 27. R8f2 a5 28. Rf5 1/2-1/2

[Event "Brandenburg Seniors op 10th"]
[Site "Uckley"]
[Date "2001.09.24"]
[Round "1"]
[White "Thormann, Werner"]
[Black "Schmidt, Roland"]
[Result "1-0"]
[WhiteElo "1875"]
[BlackElo "1644"]
[PlyCount "55"]
[EventDate "2001.09.??"]
[EventType "swiss"]
[EventRounds "7"]
[EventCountry "GER"]
[SourceTitle "EXT 2006"]
[Source "ChessBase"]
[SourceDate "2005.11.24"]
[SourceVersion "1"]
[SourceVersionDate "2005.11.24"]
[SourceQuality "1"]

1. Nf3 f5 2. e4 e6 3. exf5 exf5 4. d4 Nf6 5. d5 d6 6. Be2 Be7 7. 0-0 0-0 8. c4 Nbd7 9. Nc3 Ne5 10. Nd4 c5 11. dxc6 Nxc6 12. Bf3 Ne5 13. Bd5+ Nxd5 14. cxd5 f4 15. f3 Bd7 16. Kh1 a6 17. a4 Rc8 18. Nce2 Ng6 19. Qb3 Qc7 20. Bd2 Qb8 21. Bc3 Qa7 22. Ne6 Bxe6 23. dxe6 Kh8 24. Bd4 Qb8 25. Nc3 Rc6 26. Nd5 Qc8 27. Nb6 d5 28. Nxc8 1-0